Welcome to WEB OPAC of MRSPTU Central Library

Akha De Sambal (ਅੱਖਾਂ ਦੀ ਸੰਭਾਲ) (Record no. 9988)

MARC details
000 -LEADER
fixed length control field 00461nam a22001577a 4500
003 - CONTROL NUMBER IDENTIFIER
control field OSt
005 - DATE AND TIME OF LATEST TRANSACTION
control field 20240404104020.0
008 - FIXED-LENGTH DATA ELEMENTS--GENERAL INFORMATION
fixed length control field 240404b |||||||| |||| 00| 0 eng d
040 ## - CATALOGING SOURCE
Transcribing agency Central Library MRSPTU
100 ## - MAIN ENTRY--PERSONAL NAME
Personal name Dr. Baljeet Singh Dhillon (ਡਾ. ਬਲਜੀਤ ਸਿੰਘ)
245 ## - TITLE STATEMENT
Title Akha De Sambal (ਅੱਖਾਂ ਦੀ ਸੰਭਾਲ)
250 ## - EDITION STATEMENT
Edition statement 1st
260 ## - PUBLICATION, DISTRIBUTION, ETC.
Place of publication, distribution, etc. Barnala
Name of publisher, distributor, etc. Tarkbharti Parkashan
Date of publication, distribution, etc. 1999
300 ## - PHYSICAL DESCRIPTION
Extent 40
942 ## - ADDED ENTRY ELEMENTS (KOHA)
Source of classification or shelving scheme Dewey Decimal Classification
Koha item type Book
Suppress in OPAC No
Holdings
Withdrawn status Lost status Source of classification or shelving scheme Damaged status Not for loan Collection Home library Current library Date acquired Total checkouts Barcode Date last seen Price effective from Koha item type
    Dewey Decimal Classification     BK MRSPTU Central Library MRSPTU Central Library 04/04/2024   G-155 04/04/2024 04/04/2024 Book

Website Designed and Developed by MRSPTU Central Library Team

E-mail Id: librarian@mrsptu.ac.in